| 000 | 00631nam a2200181 a 4500 | ||
|---|---|---|---|
| 001 | 000040281 | ||
| 005 | 20240503073631.0 | ||
| 008 | 130802s2006 mx 000 0 spa d | ||
| 020 | _a970323769X | ||
| 040 |
_aDO-SdBNP _bspa _cBNPHU |
||
| 100 | 1 |
_aCervantes Saavedra, Miguel de, _d1547-1616 _93070 |
|
| 245 | 1 | 0 |
_aLa ilustre fregona / _cMiguel de Cervantes Saavedra ; introducción David Huerta. |
| 260 |
_aMéxico : _bUniversidad Nacional Autónoma de México, _c2006. |
||
| 300 |
_a81 p. ; _c18 cm. |
||
| 490 | 1 |
_aRelato Licenciado Vidriera _v37 |
|
| 700 | 1 |
_aHuerta, David _966556 |
|
| 830 | 0 |
_aRelato Licenciado Vidriera _v38 _966234 |
|
| 999 |
_c39771 _d39771 |
||